000 01122nas a2200385 4500
001 BR0905762
003 BR-BrBNA
005 20231205113739.0
007 ta
008 230509b bl.|||p| |||| 00| 00por d
040 _aBR-BrBNA
_bpor
_cBiblioteca Nacional de Agricultura
041 _a(Pt)
072 _aL70
100 1 _aTognoli, G.K.
100 1 _aOlsson, D.C.
100 1 _aMartins, D.B.
100 1 _aSantos Júnior, E. de B.
100 1 _aSalbego, F.Z.
100 1 _aOliveira, G.K. de
100 1 _aBraga, F. de V.A.
100 1 _aRaiser, A.G.
100 1 _aDezengrini, R.
100 1 _aCruz, F.S.F. da
100 1 _aCastro, M.B. de
100 1 _aRosa, M.C.
100 1 _aCarregaro, A.B.
100 1 _aPippi, N.L.
245 1 _aTransplante autólogo de células mononucleares da medula óssea em úlcera de córnea experimental em cães
650 _aCÃO
650 _aMEDULA ÓSSEA
650 _aCIRURGIA
773 0 _tCiência Rural (Brazil)
_xISSN 0103-8478
_g(Jan-Feb 2009), v. 39(1) p. 148-155
_wBR0905762
909 _a202311
_bLúcia
_c55
_dLúcia Elande
942 _2AGRIS
_n0
_cANA
999 _c205380
_d205380